Pružnost,pevnost,plasticita III.

Salvato in:
Dettagli Bibliografici
Autori principali: Šejnoha, Jiří (Autore), Kufner, Václav (Autore)
Natura: Libro
Lingua:ceco
Pubblicazione: Praha : České vysoké učení technické v Praze, 1990
Tags: Aggiungi Tag
Nessun Tag, puoi essere il primo ad aggiungerne!!

MARC

LEADER 00000nam a22000003a 4500
001 stu85993
005 20200818142339.1
008 040421s1990----cs------------------cze-d
040 |a STU  |b slo 
041 0 |a cze 
044 |a cs 
080 |a 539.31(075.8) 
080 |a 539.4(075.8) 
080 |a 539.214(075.8) 
100 1 |a Šejnoha, Jiří  |4 aut 
245 1 |a Pružnost,pevnost,plasticita III. 
260 |a Praha :  |b České vysoké učení technické v Praze,  |c 1990 
300 |a 149 s 
700 1 |a Kufner, Václav  |4 aut 
996 |b 284V030826  |c V*32820/S-90  |l VVT  |s A  |a 24  |w stu85993_0001